Alive and well in Pakistan: A human journey in a dangerous time (Record no. 13003)
[ view plain ]
| 000 -LEADER | |
|---|---|
| fixed length control field | 00397nam a22001577a 4500 |
| 020 ## - INTERNATIONAL STANDARD BOOK NUMBER | |
| International Standard Book Number | 9780984406340 |
| 082 ## - DEWEY DECIMAL CLASSIFICATION NUMBER | |
| Classification number | 954.9122 CAS |
| 100 ## - MAIN ENTRY--PERSONAL NAME | |
| Personal name | Casey, Ethan |
| 245 ## - TITLE STATEMENT | |
| Title | Alive and well in Pakistan: A human journey in a dangerous time |
| 250 ## - EDITION STATEMENT | |
| Edition statement | 10th ed. |
| 260 ## - PUBLICATION, DISTRIBUTION, ETC. | |
| Place of publication, distribution, etc. | USA |
| Name of publisher, distributor, etc. | Blue Ear Books |
| Date of publication, distribution, etc. | 1988 |
| 300 ## - PHYSICAL DESCRIPTION | |
| Extent | 281 p. |
| 500 ## - GENERAL NOTE | |
| General note | Includes index |
| 650 ## - SUBJECT ADDED ENTRY--TOPICAL TERM | |
| Topical term or geographic name entry element | Pakistan---Journey |
| 942 ## - ADDED ENTRY ELEMENTS (KOHA) | |
| Koha item type | Book |
| Withdrawn status | Lost status | Damaged status | Not for loan | Collection code | Permanent Location | Current Location | Shelving location | Date acquired | Source of acquisition | Total Checkouts | Full call number | Barcode | Date last seen | Price effective from | Koha item type | Date last checked out |
|---|---|---|---|---|---|---|---|---|---|---|---|---|---|---|---|---|
| Central Library (CL) | Central Library (CL) | General Stacks | 10/22/2014 | Donation | 954.9122 CAS | SEECSD01052 | 10/20/2014 | 10/20/2014 | Book | |||||||
| Central Library (CL) | Central Library (CL) | General Stacks | 10/22/2014 | Donation | 1 | 954.9122 CAS | SEECSD01053 | 07/12/2016 | 10/20/2014 | Book | 08/25/2015 | |||||
| Central Library (CL) | Central Library (CL) | General Stacks | 10/22/2014 | Donation | 1 | 954.9122 CAS | SEECSD01054 | 09/28/2024 | 10/20/2014 | Book | 01/15/2019 |
